A filozófia tanítása: Az iskolai filozófia iskolai fogalma.
Elmentve itt :
| Szerző: | |
|---|---|
| Adatforrás: | Philobibl |
| Forrásdokumentuma: | Valóság 45 2002. 11., 62-75.p. p. |
| Dokumentumtípus: | Cikk |
| Nyelv: | magyar |
| LEADER | 00321nab a2200097 c 4500 | ||
|---|---|---|---|
| 001 | bibDOK00028259 | ||
| 005 | 20200924122317.7 | ||
| 008 | 060518s2002 hu hun | ||
| 100 | 1 | |a Fehér M. István | |
| 245 | 1 | 2 | |a A filozófia tanítása: Az iskolai filozófia iskolai fogalma. |c Fehér M. István |
| 773 | 0 | |t Valóság 45 |g 2002. 11., 62-75.p. p. | |